000 01216nji a22002777a 4500
005 2010090609289.0
006 a|||||r|||||00| 0
007 sd ammalaaahaa
008 100830t xxu||||| |||| 00| 0 eng d
028 _aN 53319
_bHis Master's Voice
035 _aGR-775
040 _aSED
_cSED
100 _917455
_aMangeshkar, Lata
245 _aLal qilla /
_cby Lata Mangeshkar ; music by S. N. Tripathi ; lyrics by Bharat Vyas
_h[sound recording] :
246 _aलाल किला / लता मंगेशकर द्वारा
260 _aDum Dum, India
_bHis Master's Voice
300 _a1 sound disc [Gramophone Recording]:
_banalog, 33 1/3 rpm
_c9.5 in. (MP)
_fGramophone Record
500 _aBrief Record
505 _aSide-1 प्यारा-प्यारा ये समां (Pyara-pyara ye sama) (Lata Mangeshkar) --Side-2 लगता नहीं है दिल मेरा (Lagta nahi hai dil mera) (Mohd. Rafi)
650 _aClassical music
_zIndia
_91186
_xExcerpts
700 _917416
_aTripaathi, S. N.
700 _917456
_aVyas, Bharat
700 _918531
942 _2ddc
_cGR
999 _c44020
_d44020